Länder, die Vietnam am Nächsten Liegen - Eine Minute Sprint - Statistiken

Allgemein
  • Dieses Quiz wurde 90 mal gespielt
  • Das Durchschnittsergebnis liegt bei 16 aus 20
Antwortstatistiken
Km Land % Korrekt
0 China
99%
0 Laos
97%
104 Thailand
97%
0 Kambodscha
96%
126 Myanmar
91%
725 Indien
90%
390 Malaysia
90%
600 Indonesien
86%
985 Bangladesch
81%
805 Singapur
81%
1088 Taiwan
78%
1492 Nepal
77%
945 Philippinen
75%
1558 Japan
72%
2221 Südkorea
70%
1131 Bhutan
68%
956 Brunei
65%
2405 Nordkorea
62%
2439 Sri Lanka
61%
2026 Mongolei
42%
Keine übereinstimmenden Quizze gefunden
Verteilung der Resultate
Anzahl Personen mit jedem Resultat
Perzentil nach korrekt beantworteten Fragen
Ihre Resultats-Entwicklung
Sie haben dieses Quiz noch nicht gespielt